000 00355nam a2200121Ia 4500
008 220615s9999||||xx |||||||||||||| ||und||
100 _aParola, Giulia
245 0 _aEurope in Green. European Environmental Democracy
546 _aEnglish[eng]
650 _aEuropean Law||Environmental law
856 _uhttps://doi.org/10.2478/9788376560625
942 _cEB
999 _c12975
_d12975